| 000 | 00732nam a22002057a 4500 | ||
|---|---|---|---|
| 999 |
_c10268 _d10268 |
||
| 003 | AR-CdUCM | ||
| 008 | 190329b ||||| |||| 00| 0 spa d | ||
| 040 |
_aMUNICIPALIDAD PROVINCIAL DEL CUSCO _cBIBLIOTECA MUNICIPAL DEL CUSCO |
||
| 082 |
_a869.56 / _bR94A / 1972 |
||
| 100 |
_aRumrrill, Róger _99886 |
||
| 245 | _aAxpikondiá / | ||
| 260 |
_aLima : _b[s.e], _c1972. |
||
| 300 |
_aTríptico ; _c32 cm. |
||
| 440 |
_aColección de poesía _n : 3 _927029 |
||
| 500 | _aDonación de la familia Nieto. Tríptico artesanal con grabados. Viñeta de la portada: Yando de Pucallpa. | ||
| 650 |
_aPoesía peruana - Siglo XX _914083 |
||
| 650 |
_aPoetas peruanos - Iquitos _927030 |
||
| 942 |
_2ddc _cLIBROS |
||
| 945 |
_apjha _d2019-05-14 |
||